| 000 | 00393nam a22001697a 4500 | ||
|---|---|---|---|
| 999 |
_c532652 _d532652 |
||
| 003 | NUST | ||
| 005 | 20191127120818.0 | ||
| 008 | 191127b ||||| |||| 00| 0 eng d | ||
| 027 | _q B07C88JRXW | ||
| 038 | _aMSOHAIL | ||
| 082 | _a0 | ||
| 100 |
_aDr. Israr Ahmed _926279 |
||
| 245 | _aTauheed -e- Amli | ||
| 260 |
_aLahore _bTanzeem-e-Islami _cc2012 |
||
| 300 | _ap; 224 | ||
| 942 |
_2ddc _cBK |
||